000 00664nam a2200217Ii 4500
003 JO-AjNU
008 230606s9999||||xx |||||||||||||| ||und||
020 _a0-8120-2457-3
040 _aJO-AjNU
_beng
_erda
_cJO-AjNU
041 _aeng
050 1 4 _aL901.B25 1982
100 3 _aEdited The college Divison Barron,s Educational Series,
_eauthor
_95464
245 0 0 _aBarrons compact Guide to Colleges
264 3 1 _aLondon : Barrons Educational Series, 1982
300 _a343p
336 _atext
_btxt
_2rdacontent
337 _aunmediated
_bn
_2rdamedia
338 _avolume
_bnc
_2rdacarrier
490 0 _aBarrons Educational series
650 4 _aColleges
_95465
999 _aE2824
_c2822
_d2822